Kerekes Rezső

Esej venovaná rímskokatolíckemu farárovi Humenného, Rudolfovi Kerekesovi, ktorý náhle zomrel vo veku 33 rokov vo februári 1914.

Podrobná bibliografia
Hlavný autor: Barna, Ondrej (Author)
Médium: Článok
Jazyk:Hungarian
Témy:
Zdroj: 1. Felvidéki Hirlap 1. Roč. 7, č. 11 (15.03.1914) s. 2
LEADER 00946nab#a2200337#ar4500
001 000074444
003 SVKKK
005 20041227xxxxxxx.
008 06 c xo huno
FMT
038 |a SVKKK 
040 |a SVKKK  |b slo  |e AACR2 
041 0 |a hun 
044 |a xo  |c SK 
080 |a 282 
100 1 |a Barna, Ondrej  |4 aut 
242 1 0 |a Rudolf Kerekes 
245 1 0 |a Kerekes Rezső  |c Ondrej Barna 
500 |a Andor 
500 |a mikrofilm 
520 2 |a Esej venovaná rímskokatolíckemu farárovi Humenného, Rudolfovi Kerekesovi, ktorý náhle zomrel vo veku 33 rokov vo februári 1914. 
650 0 4 |a úmrtie - Kerekes, Rudolf (farár rímskokatolícky, 1881-1914) - Humenné - február 1914 - úvahy 
773 0 |t Felvidéki Hirlap  |g Roč. 7, č. 11 (15.03.1914) s. 2 
957 |a Humenné 
958 |a CI 
958 |a DG 
958 |a SK 
974 |a Ba  |d 20041227 
992 |a RBX 
BAS
998 |a RETRO